000 00421nam a2200169Ia 4500
003 OSt
005 20230608142104.0
008 210423s2004 xx 000 0 und d
040 _cAL
082 _a616.89 KUMA
_223
100 _aKUMAR (Arun).
_9122650
245 _aAbnormal psychology.
260 _aNew Delhi
_bAnmol Publications
_c2004
365 _b280
_cINR
906 _aAbnormal ; psychology.
942 _2ddc
_cBK
999 _c174010
_d174010